| 000 | 01026nam a2200277 i 4500 | ||
|---|---|---|---|
| 001 | 000020626 | ||
| 003 | DO-SdBNP | ||
| 005 | 20250626084833.0 | ||
| 007 | ta | ||
| 008 | 100811s2016 dr a r 000 0 spa d | ||
| 020 | _a9789945600377 | ||
| 040 |
_aDO-SdBNP _bspa _cBNPHU _erda |
||
| 082 | 4 |
_axxxx _bC277a _222 |
|
| 100 |
_aCarías, María Cristina de, _eautor _4aut. _943359 |
||
| 245 | 1 | 3 |
_aEl maravilloso mundo medieval del Alcázar de Colón / _cMaría Cristina de Carías ; prólogo, Tony Raful ; introducción, María Ugarte. |
| 264 | 1 |
_aSanto Domingo : _bEditorial Santuario, _c2016. |
|
| 300 |
_a307 páginas : _bilustraciones ; _c23 cm. |
||
| 336 |
_atexto _btxt _2rdacontent |
||
| 337 |
_asin mediación _bn _2rdamedia |
||
| 338 |
_avolumen _bnc _2rdacarrier |
||
| 500 | _aIncluye datos biográficos de la autor en la solapa de la cubierta | ||
| 590 | _aInventariado, 2020 /LP | ||
| 700 | 1 |
_aUgarte, María, _eintroducción _4int. _924078 |
|
| 700 | 1 |
_aRaful, Tony, _d1951- _eprologuista _4pr. _91377 |
|
| 942 |
_2ddc _cLBS1 |
||
| 999 |
_c20130 _d20130 |
||